000 nam a22 7a 4500
999 _c127216
_d127216
008 171109b xxu||||| |||| 00| 0 eng d
050 _aB105.I49 H37 2002
100 _aHarpur, Patrick
_937505
245 _aThe philosphers' secret fire
_bA history of the imagination
_c/ Patrick Harpur
260 _aLondon
_bPenguin Books
_c2002
300 _axi, 322p. ;
_c24cm.
650 _aImagination ( Philosophy )
_xHistory
_937506
650 _aMythology
_xHistory
_937507
942 _2lcc
_cMONOGRAPH